00831 2200229 4500001002100000005001700021008004100038035002400079082001000103090002100113100001100134245023000145260002800375300003200403500008700435500003100522650000900553850000900562985000600571986000900577999001500586YOGYA-0209000007227920090227093618.0 ind  0010-020900000072279 a641.1 a641.1bSub PlSK aSUBADI aPengaruh opinions leaders terhadap partisipasi keluarga dalam melaksanakan program usaha perbaikan gizi keluarga(UPGK)di Desa Mulyodadi Kecamatan bambanglipuro Kabupaten Bantul Propinsi Daerah Istimewa Yogyakartacoleh Subadi aYogyakartab[s.n]c1993 axv,114[6]lembarbilusc29cm aSkripsi Fakultas Ilmu Sosial dan Ilmu politik Universitas Widya Mataram Yogyakarta aBIbliografi:lembar 102-103 aGizi aBPAD a1 aheru a08A0036138